Cities in a foreign language (fünf) - Statistics

General Stats
  • This quiz has been taken 33 times
  • The average score is 12 of 15
Answer Stats
City Language English name % Correct
Yerushala'im Slovak Jerusalem
97%
Cabul Portuguese Kabul
97%
Kööpenhamina Finnish Copenhagen
94%
Genua Danish Genoa
94%
Krakau Swedish Krakow
94%
Meka Serbo-Croatian Mecca
88%
Venedig Swedish Venice
88%
Nassá Icelandic Nassau
84%
Esparta Basque Sparta
84%
Lixandra Maltese Alexandria
81%
Saint-Domingue French Santo Domingo
81%
Corinto Spanish Corinth
72%
Bryste Welsh Bristol
59%
Yamena Basque N'Djamena
25%
Miêu Bìn Vietnamese Melbourne
16%
No matching quizzes found
Score Distribution
Percent of People with Each Score
Percentile by Number Answered
Your Score History
You have not taken this quiz